| 000 | 01289nam a22002897a 4500 | ||
|---|---|---|---|
| 003 | DO-SdBNP | ||
| 005 | 20250509170322.0 | ||
| 007 | ta | ||
| 008 | 110301s2019 dr d fr 001 0dspa d | ||
| 020 | _a9789945806434 | ||
| 040 |
_aDO-SdBNP _bspa _cBNPHU |
||
| 082 | 4 |
_222 _bS237m |
|
| 100 | 1 |
_aSantos Solís, Saturnino de los _953018 |
|
| 245 | 1 | 0 |
_aMotivaciones, percepciones, expectativas, aspiraciones y actitud de compromiso (MOPEAC) : _bun estudio centrado en la carrera docente en el contexto de la educación pública preuniversitaria de República Dominicana / _cSaturnino de los Santos Solís, José Manuel Tomás |
| 260 |
_aSanto Domingo : _bImpresora Durán, _c2019. |
||
| 300 |
_a277 p. : _bgraf. ; _c23 cm. |
||
| 500 | _aIncluye datos biográficos de los autores en las solapas de las cubiertas. | ||
| 500 | _aInspirado en la visión de desarrollo de la carrera docente. | ||
| 504 | _aBibliografía p: 270-277 | ||
| 590 | _aInventariado, 2022/ YL | ||
| 590 | _aLa biblioteca posee dos (3) ejemplares autografiados por el autor. | ||
| 650 | 4 |
_979118 _aEducación como profesión _zRepública Dominicana |
|
| 650 | 0 |
_aEducación _zRepública Dominicana _951588 |
|
| 650 | 4 |
_981069 _aPersonal docente _zRepública Dominicana |
|
| 910 | _aYLockward | ||
| 942 |
_2ddc _cLBS1 |
||
| 999 |
_c51760 _d51760 |
||